A haszonbérleti jog mai érvényében bírói gyakorlatunk alapján /
Elmentve itt :
| Szerző: | |
|---|---|
| Dokumentumtípus: | Cikk |
| Megjelent: |
1896
|
| Sorozat: | Kolligátum
|
| Kulcsszavak: | Polgári jog - magyar |
| Online Access: | http://misc.bibl.u-szeged.hu/22897 |
| LEADER | 00582nab a2200169 i 4500 | ||
|---|---|---|---|
| 001 | misc22897 | ||
| 005 | 20191111110629.0 | ||
| 008 | 170727s1896 hu o 0|| zxx d | ||
| 040 | |a SZTE Miscellanea Repozitórium |b hun | ||
| 041 | |a zxx | ||
| 100 | 1 | |a Krisztinkovich Iván | |
| 245 | 1 | 2 | |a A haszonbérleti jog mai érvényében |h [elektronikus dokumentum] : |b bírói gyakorlatunk alapján / |c Krisztinkovich Iván |
| 260 | |c 1896 | ||
| 300 | |a 1-216 | ||
| 490 | 0 | |a Kolligátum | |
| 695 | |a Polgári jog - magyar | ||
| 856 | 4 | 0 | |u http://misc.bibl.u-szeged.hu/22897/1/06486_001-216.pdf |z Dokumentum-elérés |